|
|
|
|
| LEADER |
00000nab a2200000 a 4500 |
| 001 |
vtls008692068 |
| 003 |
SK-MaSNL |
| 005 |
20260319070459.0 |
| 008 |
060420 2005 xo | |000 0|hun |
| 015 |
|
|
|a SNBRB2006/04
|
| 038 |
|
|
|a KEVKJB
|
| 040 |
|
|
|a KEVKJB
|b slo
|c KEVKJB
|e AACR2
|
| 041 |
0 |
|
|a hun
|
| 044 |
|
|
|a xo
|c SK
|
| 080 |
|
|
|a 374-051
|2 2001
|
| 080 |
|
|
|a 323.15
|x (=511.141)
|2 2001
|
| 080 |
|
|
|a 929 Béres, József
|2 2001
|
| 100 |
1 |
|
|a Petővári, Ákos
|4 aut
|9 864241
|
| 245 |
1 |
0 |
|a Béres József példája
|c Petővári Ákos
|
| 300 |
|
|
|b Fotogr.
|
| 600 |
1 |
7 |
|a Béres, József,
|d 1917-2016
|2 kevkjb
|9 50335
|
| 610 |
2 |
7 |
|a Csemadok (Košice-okolie, Slovensko)
|2 kevkjb
|9 95619
|
| 651 |
|
7 |
|a Košice (Slovensko)
|2 kevkjb
|9 18694
|
| 651 |
|
7 |
|a Seňa (Slovensko)
|2 kevkjb
|9 23335
|
| 651 |
|
7 |
|a Košice-okolie (Slovensko : okres)
|2 kevkjb
|9 146743
|
| 773 |
0 |
|
|t Kassai Figyelő
|g Évf. III, sz. 10 (2005), o. 19-20
|
| 852 |
|
|
|a KEVKJB
|b KIS3GCP
|
| 958 |
|
|
|a HU
|
| 958 |
|
|
|a NM
|
| 958 |
|
|
|a BX
|
| 999 |
|
|
|c 1769138
|d 1771068
|